00511 2200193 4500001002100000005001700021008004100038020001800079035002400097090002200121100002100143245003300164250001100197260003100208300003100239650001700270850001500287999001500302YOGYA-101000000010192010100509032182 ind  a979-413-762-6 0010-101000000001019 aDEP 36.5085 Ras S aRasyaf, Muhammad aSeputar makanan ayam kampung aCet. 1 aYogyakartabKanisiusc1992 a158 hlm . : ilus . ; 21 cm aAyam kampung aYOPDYOG[B] ad000018239